| 000 | 02049nam0a2200349 4500 | ||
|---|---|---|---|
| 001 | RU\NLR\bibl\1449269 | ||
| 005 | 20260409073513.0 | ||
| 010 |
_a978-5-901487-55-6 _9500 |
||
| 021 |
_aRU _b2009-84864 _95337 |
||
| 035 | _a(NLR Aleph) 001441096 | ||
| 090 |
_a1463479 _c1463479 |
||
| 100 | _a20091207d2009 |||y0rusy50 ca | ||
| 101 | 0 | _arus | |
| 102 | _aRU | ||
| 105 | _aa ||||||||| | ||
| 200 | 1 |
_aТеоретические основы математического образования в период детства _eучебное пособие _fЛ.В. Воронина, Е.А. Утюмова _gФедер. агентство по образованию, Гос. образоват. учреждение высш. проф. образования "Урал. гос. пед. ун-т, Ин-т педагогики и психологии детства, Каф. математики и методики ее преподавания в начальных классах" |
|
| 210 |
_aЕкатеринбург _cиздатель Калинина Г.П. _d2009 |
||
| 215 |
_a253 с. _cил. _d21 |
||
| 225 | 1 | _aУчить и учиться! | |
| 320 | _aБиблиогр.: с. 252 (5 назв.) | ||
| 606 | 1 |
_aМатематика _jУчебные издания для высших учебных заведений _xПреподавание _xНачальная школа _92139134 _3RU\NLR\auth\661289536 |
|
| 606 |
_8rus _aДошкольники _xОбучение математике _7ca _jУчебные издания для высших учебных заведений _3RU\NLR\auth\661265024 _92089866 |
||
| 686 | _aЧ426.24,01я73 | ||
| 686 | _aЧ411.383я73 | ||
| 700 | 1 |
_4070 _7ca _8rus _aВоронина _bЛ. В. _f1969- _gЛюдмила Валентиновна _9156530 _3RU\NLR\AUTH\770156569 |
|
| 701 | 1 |
_aУтюмова _bЕ. А. _gЕкатерина Александровна _4070 |
|
| 801 | 0 |
_aRU _bNLR _c20091207 _gRCR |
|
| 801 | 1 |
_aRU _bNLR _c20091207 |
|
| 942 | _cBOOK | ||
| 980 | _aNB | ||